| 000 | 01133nam a2200265 a 4500 | ||
|---|---|---|---|
| 999 |
_c348514 _d348514 |
||
| 003 | BLK | ||
| 005 | 20250725103728.0 | ||
| 008 | 200210b bu ||||| |||| 00| 0 bu d | ||
| 020 | _a9789542619734 | ||
| 040 | _aBLK | ||
| 041 |
_aBUL _cBUL |
||
| 080 |
_aНемска литература _b821.112.2 _x-31 _z821.112.2-31 |
||
| 100 |
_aИнуса, Мануела _eпърви автор _91299 |
||
| 139 |
_aИнуса, Мануела _bИ 72 |
||
| 245 |
_aМагазинчето за шоколад и мечти _bРоман _cМануела Инуса ; Прев. от нем. Емилия Драганова |
||
| 260 |
_9209439 _aСофия _bХермес _c2020 _fСофия : Алианс принт _n978-954-26- ; 978-954-459- |
||
| 300 |
_a224 с. _c20 см |
||
| 380 | _aX | ||
| 500 | _aОриг. загл. Die chocolaterie der traume / Manuela Inusa | ||
| 700 |
_9277958 _aДраганова, Емилия Владимирова _eпрев. от нем. |
||
| 765 | _a Die chocolaterie der traume | ||
| 852 |
_bП _cП 830-31/И 72 |
||
| 942 |
_2udc _cKNG _n0 _s1 _047 |
||
| 944 |
_k30575 _lМартин Енчев |
||